00380nam a22001457a 4500003000700000005001700007008004100024082002200065100003300087245001900120260001300139300000800152490004800160650002600208MPLRDC20220104144041.0210129b ||||| |||| 00| 0 eng d a051.5 K1JDWX 1992 a伍燕翎、陈群敏 主编 a踏尽沙路c abc1992 b平 a甲洞卫星市国中华文学会会刊. 92 a学术纪要、学刊